[Event "SVK-ch U08"]
[Site "Tatralandia"]
[Date "2024.04.07"]
[Round "4"]
[White "Kalinak, Martin"]
[Black "Slamka, Matias"]
[Result "0-1"]
[WhiteElo "1018"]
[BlackElo "1387"]
[PlyCount "40"]
[EventDate "2024.04.05"]
[EventType "swiss"]
[EventRounds "9"]
[EventCountry "SVK"]
[SourceTitle "CB16_2024"]
[SourceDate "2024.04.17"]
[SourceVersion "1"]
[SourceVersionDate "2024.04.17"]
[SourceQuality "1"]

1. e4 e5 2. Nf3 Nc6 3. Bc4 Bc5 4. 0-0 Nf6 5. Nc3 d6 6. d3 0-0 7. Qe2 Bg4 8. h3 Bh5 9. Qd2 a5 10. Qg5 Bxf3 11. gxf3 Nd4 12. Qg2 b5 13. Bh6 g6 14. Nxb5 Ne2+ 15. Kh1 Nf4 16. Qg5 N6h5 17. Qg4 Qc8 18. Qg1 Nf6 19. Bxf8 Kxf8 20. Kh2 Qxh3# 0-1